LEADER 01499nas 2200493 c 450 001 9910893690403321 005 20260218110549.0 035 $a(CKB)5280000000192620 035 $a(OCoLC)163212098 035 $a(OCoLC)643189413 035 $a(DE-101)025115111 035 $a(DE-599)ZDB2120673-9 035 $a(DE-599)2772084-6 035 $a(DE-599)2120673-9 035 $a(EXLCZ)995280000000192620 100 $a20030924b19972006 |y | 101 0 $ager 135 $aur||||||||||| 181 $ctxt$2rdacontent 182 $cc$2rdamedia 183 $acr$2rdacarrier 200 00$aNiedersächsische Abfallbilanz$e..$fNiedersächsisches Umweltministerium ; Niedersächsisches Landesamt für Statistik (NLS) 210 31$aHannover$d1997-2006 215 $aOnline-Ressource 300 $a2001 - 2005 als "Zugl. Statistischer Bericht QII/S" bez. 300 $aGesehen am 23.05.14 311 08$a1432-5748 517 1 $aStatistische Berichte Niedersachsen 517 1 $aAbfallbilanz 608 $aZeitschrift$2gnd-content 608 $aStatistik$2gnd-content 676 $a690 676 $a333.7 676 $a310 712 02$aNiedersachsen$4isb 712 02$aNiedersachsen$bNiedersa?chsisches Umweltministerium$4isb 712 02$aNiedersachsen$bLandesamt fu?r Statistik$4isb 801 0$b0355 801 1$bDE-101 801 2$b9999 906 $aJOURNAL 912 $a9910893690403321 996 $aNiedersa?chsische Abfallbilanz$92164625 997 $aUNINA